banner koha

Herbicidal activity of Aspergillus niger metabolites against parthenium weed (Registro n. 4980)

MARC details
000 -LÍDER
fixed length control field 04111nab a2200265 i 4500
003 - CÓDIGO MARC DA AGÊNCIA CATALOGADORA
Campo de controle BR-BrBNA
005 - DATA E HORA DA ÚLTIMA ATUALIZAÇÃO
Campo de controle 20230831113029.0
008 - CAMPO DE TAMANHO FIXO
fixed length control field 230403b2018 bl.ar|pooa||| 00| 0 eng |
040 ## - FONTE DA CATALOGAÇÃO
Agência catalogadora BR-BrBNA
Idioma da catalogação eng
072 ## - CATEGORIA AGRIS
Código AGRIS H60
100 ## - ENTRADA PRINCIPAL - NOME PESSOAL
Nome pessoal Bashir, U.
100 ## - ENTRADA PRINCIPAL - NOME PESSOAL
Nome pessoal Khan, A.
100 ## - ENTRADA PRINCIPAL - NOME PESSOAL
Nome pessoal Javaid, A.
245 ## - TÍTULO PRINCIPAL
Título principal Herbicidal activity of Aspergillus niger metabolites against parthenium weed
500 ## - NOTA GERAL
Nota geral Publicação on-line; 27 ref.; 1 table; 4 illus.; Summaries (En, Pt)
942 ## - ADDED ENTRY ELEMENTS (KOHA)
Koha item type
520 ## - NOTA DE RESUMO
Nota de conteúdo <br/><br/>ABSTRACT - Metabolites of Aspergillus niger, prepared in malt extract (ME)<br/>broth and potato dextrose (PD) broth, were evaluated for their herbicidal activity<br/>against a noxious parthenium weed (Parthenium hysterophorus). In laboratory<br/>assays, original (X) and diluted (½ X) fungal metabolites significantly reduced<br/>germination and seedling growth of weed. However, metabolites prepared in ME<br/>broth proved to have greater herbicidal activity than metabolites prepared in other<br/>growth medium. Original metabolites prepared in ME broth have completely hinder<br/>the germination of parthenium seeds; while those prepared in PD broth have<br/>reduced germination by 89% over control. In pot trials, one-week, two-week and<br/>three-week-old parthenium seedlings were sprayed three times with original and<br/>concentrated (2X) metabolites of A. niger prepared in ME broth. Plants were harvested<br/>after 40 days of sowing. One-week treatment plants were most susceptible to fungal<br/>metabolites spray, followed by two-week and three-week treatment plants,<br/>respectively. Original and concentrated metabolites have significantly reduced shoot<br/>biomass of one-week-old plants by 57% and 68%, and root biomass by 50% and<br/>75%, respectively. The present study has come to the conclusion that A. niger<br/>metabolites prepared in ME broth can effectively control germination and growth of<br/>parthenium.<br/><br/>Keywords: natural herbicide, Parthenium hysterophorus, noxious weed.<br/>
520 ## - NOTA DE RESUMO
Nota de conteúdo <br/><br/>RESUMO - Os metabólitos de Aspergillus niger, preparados em caldo de extrato<br/>de malte (ME) e caldo de dextrose de batata (PD), foram avaliados quanto à sua<br/>atividade herbicida contra uma erva partênica nociva (Parthenium hysterophorus).<br/>Em resenhas de laboratório, metabólitos fúngicos originais (X) e diluídos (½ X)<br/>reduziram substancialmente a germinação e o crescimento de plântulas da planta<br/>daninha. No entanto, os metabólitos preparados em caldo de ME demonstraram<br/>ser superiores na sua atividade herbicida, comparados aos metabólitos preparados<br/>em outro meio de crescimento. Os metabólitos originais preparados em caldo ME<br/>estagnaram completamente a germinação de sementes de erva partênica, ao passo<br/>que os preparados em caldo PD reduziram a germinação em 89%, em relação ao<br/>controle. Nos ensaios em vaso, as mudas de erva partênica de uma semana,<br/>duas semanas e três semanas foram pulverizadas três vezes com metabólitos<br/>originais e concentrados (2X) de A. niger preparados em caldo ME. As plantas<br/>foram colhidas após 40 dias de semeadura. As plantas com uma semana de<br/>tratamento foram mais suscetíveis à pulverização de fungos metabólitos, seguidas<br/>das plantas de duas semanas e de três semanas. Os metabólitos originais e<br/>concentrados reduziram significativamente a biomassa de brotos de plantas de<br/>uma semana de idade em 57% e 68%, e a biomassa de raízes, em 50% e 75%,<br/>respectivamente. O presente estudo conclui que os metabólitos de A. niger preparados em caldo ME<br/>podem efetivamente controlar a germinação e o crescimento de ervas partênicas.<br/><br/>Palavras-chave: herbicida natural, Parthenium hysterophorus, erva nociva.<br/>
650 ## - ASSUNTO - THESAGRO
Cabeçalho tópico ou nome geográfico ERVA DANINHA
650 ## - ASSUNTO - THESAGRO
Cabeçalho tópico ou nome geográfico HERBICIDA
650 ## - ASSUNTO - THESAGRO
Cabeçalho tópico ou nome geográfico ASPERGILLUS NIGER
773 0# - ENTRADA ANALÍTICA
Host Biblionumber 886
Registro do item 1815
Imprenta Londrina-PR : Sociedade Brasileira da Ciência das Plantas Daninhas, 1978
Outro identificador 2023-031022
Título Planta Daninha (Brazil)
ISSN 0100-8358; 1806-9681 (on-line)
Colação v. 36 p. 1-9; (2018)
Número de controle de registro BR2023000025
856 ## - ACESSO E ENDEREÇO ELETRÔNICO
Identificador uniforme de recurso - URI https://www.scielo.br/j/pd/a/WCcp6nZCWWDw7yzRTBTqz7Q/?format=pdf&lang=en

Nenhum exemplar disponível.

BINAGRI

Telefone: (61)3218-2567/2388/3357/2097 - binagri@agro.gov.br

Ministério da Agricultura e Pecuária , Esplanada dos Ministérios, Bloco D, Anexo B, Brasília/DF, CEP: 70.043-900